30 Best Countries In 2050 By GDP - Statistics

General Stats
  • This quiz has been taken 99 times
  • The average score is 29 of 30
Answer Stats
Picture Answer % Correct
China
100%
India
100%
Brazil
99%
Mexico
99%
Turkey
99%
USA
99%
France
98%
Germany
98%
Indonesia
98%
Japan
98%
Russia
98%
Canada
96%
Italy
96%
Pakistan
96%
Saudi Arabia
96%
Spain
96%
UK
96%
Argentina
95%
Australia
95%
Bangladesh
95%
Egypt
95%
Iran
95%
Malaysia
95%
Poland
95%
South Africa
95%
Thailand
95%
Nigeria
94%
Vietnam
94%
Philippines
93%
South Korea
93%
No matching quizzes found
Score Distribution
Percent of People with Each Score
Percentile by Number Answered
Your Score History
You have not taken this quiz